| 000 | 00437nam a2200133Ia 4500 | ||
|---|---|---|---|
| 008 | 220204s9999 xx 000 0 und d | ||
| 082 |
_a581.2(06) _bRAY |
||
| 245 | 0 | _aPlant disease problems: Proceedings of the first international symposium on plant pathology | |
| 260 |
_aNew Delhi _bIndian Phytopathological Society _c1970 |
||
| 650 | _aPlant diseases | ||
| 650 | _aPlantation crop disease | ||
| 700 | _aRAYCHAUDHURI, S R | ||
| 942 | _cBK | ||
| 999 |
_c21625 _d21625 |
||